| 000 | 01348cam a2200313 i 4500 | ||
|---|---|---|---|
| 001 | 18112002 | ||
| 005 | 20250224105845.0 | ||
| 008 | 140411t20142014njua 001 0 eng | ||
| 010 | _a 2014007533 | ||
| 020 | _a9781118882313 (pbk.) | ||
| 040 |
_aDLC _beng _cDLC _erda _dKCST |
||
| 042 | _apcc | ||
| 050 | 0 | 0 |
_aQA76.774.M55 _bZ345 2014 |
| 082 | 0 | 0 |
_a005.4476 _223 |
| 100 | 1 |
_aZacker, Craig. _95328 |
|
| 245 | 1 | 0 |
_aInstalling and configuring Windows server 2012 R2 : _bexam 70-410 / _cCraig Zacker. |
| 260 | 1 |
_aHoboken, NJ : _bWiley, _c[2014] |
|
| 264 | 4 | _c©2014 | |
| 300 |
_axxiv, 480 pages : _billustrations ; _c28 cm. |
||
| 490 | 0 | _aMicrosoft official academic course | |
| 500 | _aIncludes index. | ||
| 630 | 0 | 0 |
_aMicrosoft Windows server _xExaminations _vStudy guides. _95329 |
| 650 | 0 |
_aOperating systems (Computers) _xExaminations _vStudy guides. _95330 |
|
| 650 | 0 |
_aSoftware configuration management _xExaminations _vStudy guides. _95331 |
|
| 650 | 0 |
_aClient/server computing _xExaminations _vStudy guides. _95332 |
|
| 650 | 0 |
_aElectronic data processing personnel _xCertification. _95333 |
|
| 650 | 0 |
_aComputer networks _xManagement _xExaminations _vStudy guides. _95334 |
|
| 776 | 0 | 8 |
_iOnline version: _aZacker, Craig. _tInstalling and configuring Windows server R2 2012 _dHoboken, NJ : John Wiley & Sons, Inc., [2014] _z9781118882238 _w(DLC) 2014015230 |
| 999 |
_c688 _d688 |
||